000 00436nam a2200157 4500
001 108567
003 ES-MaACL
005 20230906184650.0
007 t|
008 061121s1911 it r ||||1| spa d
100 1 _aMontessori, María.
_982611
245 1 0 _aAntropología pedagógica /
_cMaría Montessori.
260 _aMilano [etc.] :
_bFrancesco Vallardi,
_c[1911]
300 _aX, 438 p. ;
_c23 cm.
852 _aES-MaACL
_jF-12704
999 _c108567
_d108567